Isotope Geology / (Record no. 11213)

MARC details
000 -LEADER
fixed length control field 01400cam a2200337 i 4500
001 - CONTROL NUMBER
control field 15352493
003 - CONTROL NUMBER IDENTIFIER
control field EG-ScBUE
005 - DATE AND TIME OF LATEST TRANSACTION
control field 20260121102407.0
008 - FIXED-LENGTH DATA ELEMENTS--GENERAL INFORMATION
fixed length control field 080702s2008 enka f b 001 0 eng d
020 ## - INTERNATIONAL STANDARD BOOK NUMBER
International Standard Book Number 9780521862288
020 ## - INTERNATIONAL STANDARD BOOK NUMBER
International Standard Book Number 0521862280
035 ## - SYSTEM CONTROL NUMBER
System control number (OCoLC)ocn233591959
035 ## - SYSTEM CONTROL NUMBER
System control number (OCoLC)233591959
040 ## - CATALOGING SOURCE
Original cataloging agency DLC
Language of cataloging eng
Description conventions rda
Transcribing agency DLC
Modifying agency BAKER
-- BWKUK
-- BWK
-- YDXCP
-- BWX
-- DLC
082 04 - DEWEY DECIMAL CLASSIFICATION NUMBER
Classification number 551.9
Edition number 22
Item number ALL
100 1# - MAIN ENTRY--PERSONAL NAME
Personal name Allegre, Claude J.,
Relator term author.
9 (RLIN) 3295
245 10 - TITLE STATEMENT
Title Isotope Geology /
Statement of responsibility, etc Claude J. Allegre.
264 #1 - PUBLICATION, DISTRIBUTION, ETC. (IMPRINT)
Place of publication, distribution, etc Cambridge, UK :
Name of publisher, distributor, etc Cambridge University Press,
Date of publication, distribution, etc 2008.
300 ## - PHYSICAL DESCRIPTION
Extent x, 512 pages :
Other physical details illustrations (some color) ;
Dimensions 26 cm
336 ## - CONTENT TYPE
Source rdacontent
Content type term text
Content type code txt
337 ## - MEDIA TYPE
Media type term unmediated
Source rdamedia
Media type code n
338 ## - CARRIER TYPE
Carrier type term volume
Carrier type code nc
Source rdacarrier
504 ## - BIBLIOGRAPHY, ETC. NOTE
Bibliography, etc Includes bibliographical references and index.
650 #7 - SUBJECT ADDED ENTRY--TOPICAL TERM
Topical term or geographic name as entry element Isotope geology.
Source of heading or term BUEsh
9 (RLIN) 3296
655 ## - INDEX TERM--GENRE/FORM
Form subdivision Reading book
856 42 - ELECTRONIC LOCATION AND ACCESS
Materials specified Contributor biographical information
Uniform Resource Identifier <a href="http://www.loc.gov/catdir/enhancements/fy0838/2008029603-b.html">http://www.loc.gov/catdir/enhancements/fy0838/2008029603-b.html</a>
856 42 - ELECTRONIC LOCATION AND ACCESS
Materials specified Publisher description
Uniform Resource Identifier <a href="http://www.loc.gov/catdir/enhancements/fy0838/2008029603-d.html">http://www.loc.gov/catdir/enhancements/fy0838/2008029603-d.html</a>
856 41 - ELECTRONIC LOCATION AND ACCESS
Materials specified Table of contents only
Uniform Resource Identifier <a href="http://www.loc.gov/catdir/enhancements/fy0838/2008029603-t.html">http://www.loc.gov/catdir/enhancements/fy0838/2008029603-t.html</a>
942 ## - ADDED ENTRY ELEMENTS (KOHA)
Source of classification or shelving scheme Dewey Decimal Classification
Koha item type Book - Borrowing
Holdings
Withdrawn status Lost status Source of classification or shelving scheme Damaged status Not for loan Collection code Home library Current library Shelving location Date acquired Source of acquisition Cost, normal purchase price Serial Enumeration / chronology Total Checkouts Total Renewals Full call number Barcode Date last seen Date checked out Price effective from Koha item type
    Dewey Decimal Classification     Baccah Central Library Central Library First floor 07/04/2009   416.00 7117 1 1 551.9 ALL 000015802 15/07/2025 21/04/2011 07/04/2009 Book - Borrowing